000 00269nam a22001217a 4500
008 181030b xxu||||| |||| 00| 0 eng d
041 _aeng
080 _22nd
_a611
100 _a7
101 _aANA
245 _aFunctional Human Anatomy
_cCrouch,J.E
942 _2udc
_cBK
999 _c51096
_d51096